Current trends in human genetics and physical anthropology / (Record no. 166361)
[ view plain ]
| 000 -LEADER | |
|---|---|
| fixed length control field | 00638nam a22001937a 4500 |
| 005 - DATE AND TIME OF LATEST TRANSACTION | |
| control field | 20190722142536.0 |
| 010 ## - LCCN (DPL NO) | |
| LC control number | ENG-126037 |
| 020 ## - INTERNATIONAL STANDARD BOOK NUMBER | |
| International Standard Book Number | 9788192799919 |
| Terms of availability | 1450.00 |
| 035 ## - SYSTEM CONTROL NUMBER | |
| System control number | EN-109569 |
| 037 ## - SOURCE OF ACQUISITION | |
| Source of stock number/acquisition | DBAD/PUB |
| 082 ## - DEWEY DECIMAL CLASSIFICATION NUMBER | |
| Classification number | 599.9 |
| 100 ## - MAIN ENTRY--PERSONAL NAME | |
| Personal name | Reddy, V.Rami |
| 245 ## - TITLE STATEMENT | |
| Title | Current trends in human genetics and physical anthropology / |
| Statement of responsibility, etc | by V. Rami Reddy |
| 260 ## - PUBLICATION, DISTRIBUTION, ETC. (IMPRINT) | |
| Place of publication, distribution, etc | Andra Pradesh |
| Name of publisher, distributor, etc | V.Indira |
| Date of publication, distribution, etc | 2018 |
| 270 ## - ADDRESS | |
| Address | 8-30, (Opp) Vidyanagar , SVUNT Colony |
| City | Tirupati, Andra Pradesh |
| Postal code | 517502 |
| 300 ## - PHYSICAL DESCRIPTION | |
| Extent | xii,307p |
| Dimensions | 26cm(pbk) |
| 500 ## - GENERAL NOTE | |
| General note | Includes bibliographical references and index |
| 942 ## - ADDED ENTRY ELEMENTS (KOHA) | |
| Source of classification or shelving scheme | Dewey Decimal Classification |
| Item type | English Books |
| Classification part | 599.9 |
| Call number suffix | RED |
| Withdrawn status | Lost status | Not for loan | Collection code | Home library | Current library | Date acquired | Source of acquisition | Cost, normal purchase price | Full call number | Barcode | Copy number | Cost, replacement price | Koha item type |
|---|---|---|---|---|---|---|---|---|---|---|---|---|---|
| Non-fiction | Bawana | Bawana | 22/07/2019 | DBAD/PUB | 1450.00 | 599.9 RED | EN-109569 | 1 | 1450.00 | English Books |
